| 000 | 01002nac a22003251u 4500 | ||
|---|---|---|---|
| 003 | EG-ScBUE | ||
| 005 | 20220705112035.0 | ||
| 008 | 130108r20082002enka f 000 0 eng d | ||
| 020 | _a0194232948 | ||
| 020 | _a9780194232944 | ||
| 040 |
_aEG-ScBUE _beng _erda _cEG-ScBUE _dEG-ScBUE |
||
| 082 | 0 | 4 |
_a428.6 _bDAV _222 |
| 100 | 1 |
_aDavies, Paul A., _eauthor. _931818 |
|
| 245 | 1 | 0 |
_aInformation technology / _cPaul A. Davies. |
| 250 | _aReprinted edition. | ||
| 264 | 1 |
_aOxford : _bOxford University Press, _c2008. |
|
| 300 |
_a30 pages : _bcolor illustrations ; _c20 cm. |
||
| 336 |
_2rdacontent _atext _btxt |
||
| 337 |
_2rdamedia _aunmediated _bn |
||
| 338 |
_2rdacarrier _avolume _bnc |
||
| 490 | 0 | _aFact files | |
| 490 | 0 |
_aOxford book worms ; _v3 |
|
| 650 | 7 |
_aWorking mothers. _931819 _2BUEsh |
|
| 650 | 7 |
_aWomen _xEmployment. _2BUEsh |
|
| 650 | 7 |
_aWomen _xEconomic conditions. _2BUEsh |
|
| 651 | _2BUEsh | ||
| 653 | _bHHUUEENN | ||
| 655 |
_vReading book _934232 |
||
| 942 |
_cBB _2ddc |
||
| 999 |
_c2312 _d2312 |
||